000 00778cam a2200265 i 4500
001 871271
003 ARRUPE
005 20160929113127.0
008 790806s1978 enk b 000 0 eng
010 _a 79310855
015 _aGB***
020 _a0225662388 :
_c£2.95
040 _aDLC
_cDLC
_dDLC
043 _af------
050 0 0 _aBR1360
_b.A524
082 0 0 _a230
245 0 0 _aAfrican Christian spirituality /
_cedited with an introd. by Aylward Shorter.
260 _aLondon :
_bG. Chapman,
_cc1978.
300 _axii, 160 p. ;
_c22 cm.
504 _aIncludes bibliographical references.
650 0 _aChristianity
_zAfrica.
_926236
700 1 _aShorter, Aylward.
_919471
_eed.
906 _a7
_bcbc
_corignew
_d4
_encip
_f19
_gy-gencatlg
942 _2lcc
_cMONOGRAPH
999 _c125363
_d125363